000 00398nam a2200145Ia 4500
008 240729s9999 xx 000 0 und d
022 _a2348-229X
245 0 _aPerspectives In Medical Research
260 _aIndia
260 _bPrathima Institute of Medical Sciences
650 _aMedicine
856 _uhttps://doaj.org/toc/2f81b7f2743b491a9547ddd3b44f774c
942 _2ddc
942 _cDOAJEJ
999 _c67306
_d67306
945 _a1
_bMadushi Gamage
_c1
_dMadushi Gamage